000 00305nam a22001337a 4500
008 171101b xxu||||| |||| 00| 0 eng d
020 _a9780521565257
041 _aeng
080 _a339
100 _a59
101 _aTRE
245 _aDEMOCRACY AND THE MARKETPLACE OF IDEAS
_cASARD,E
942 _2udc
_cBK
999 _c37080
_d37080